[Event "Kragero (Women)"]
[Site "Kragero"]
[Date "2022.06.06"]
[Round "9"]
[White "Doluhanova, Evgeniya"]
[Black "Sagafos, Magne"]
[Result "1/2-1/2"]
[WhiteElo "2275"]
[BlackElo "2361"]
[PlyCount "69"]
[EventDate "2022.06.02"]
[EventType "tourn"]
[EventRounds "9"]
[EventCountry "NOR"]
[SourceTitle "CBM 208 Extra"]
[Source "ChessBase"]
[SourceDate "2022.07.31"]
[SourceVersion "1"]
[SourceVersionDate "2022.07.31"]
[SourceQuality "1"]

1. d4 Nf6 2. Nf3 g6 3. Nbd2 d5 4. b4 Bg7 5. e3 0-0 6. c4 a5 7. b5 c5 8. Bb2 Nbd7 9. Be2 b6 10. 0-0 Bb7 11. Re1 Qb8 12. Bf1 Rd8 13. Rb1 e6 14. cxd5 Nxd5 15. e4 N5f6 16. e5 Nd5 17. Nc4 cxd4 18. Bxd4 Nc5 19. Qc1 Nb4 20. Rxb4 axb4 21. Nxb6 Na4 22. Nxa8 Bxf3 23. gxf3 Rxd4 24. Nc7 Nc3 25. Qe3 Qa7 26. a3 Bh6 27. Qxh6 Qxc7 28. Qe3 Qd8 29. axb4 Nd1 30. Qc1 Rd2 31. Re2 Rd4 32. Re1 Rd2 33. Re2 Rd4 34. Rc2 Qh4 35. Re2 1/2-1/2

[Event "Kragero (Women)"]
[Site "Kragero"]
[Date "2022.06.05"]
[Round "8"]
[White "Sagafos, Magne"]
[Black "Verbin, Valentina"]
[Result "1/2-1/2"]
[WhiteElo "2361"]
[BlackElo "2067"]
[PlyCount "217"]
[EventDate "2022.06.02"]
[EventType "tourn"]
[EventRounds "9"]
[EventCountry "NOR"]
[SourceTitle "CBM 208 Extra"]
[Source "ChessBase"]
[SourceDate "2022.07.31"]
[SourceVersion "1"]
[SourceVersionDate "2022.07.31"]
[SourceQuality "1"]

1. d4 Nf6 2. Nf3 d5 3. Bf4 c5 4. e3 Nc6 5. c3 Qb6 6. Qb3 c4 7. Qxb6 axb6 8. Na3 Ra5 9. Bc7 Nd7 10. Nc2 Ra6 11. Be2 b5 12. 0-0 Nb6 13. b3 Bf5 14. Nb4 Nxb4 15. cxb4 Na8 16. Bf4 Ra3 17. Nd2 e6 18. e4 Bg6 19. exd5 exd5 20. Rfe1 Kd8 21. Nb1 Ra6 22. bxc4 bxc4 23. Bd2 Nb6 24. a3 Be7 25. Nc3 f6 26. Bf3 Bf7 27. Reb1 Kd7 28. a4 Rha8 29. a5 g5 30. Bg4+ Be6 31. Bxe6+ Kxe6 32. Re1+ Kd7 33. Rab1 Nc8 34. Nxd5 Rd6 35. Nc3 Rxd4 36. Be3 Rd3 37. Na4 Rb3 38. Rxb3 cxb3 39. Bc5 Bxc5 40. Nxc5+ Kc6 41. Rb1 Kb5 42. Nxb3 Kxb4 43. Nd2+ Kc3 44. Ne4+ Kd4 45. f3 Rxa5 46. Rxb7 g4 47. Nxf6 gxf3 48. gxf3 Rf5 49. Nxh7 Rxf3 50. Kg2 Rf5 51. Kg3 Nd6 52. Rb4+ Ke5 53. Kg4 Rf2 54. h4 Rg2+ 55. Kh5 Nf5 56. Ng5 Kf6 57. Rb6+ Ke5 58. Re6+ Kd5 59. Re1 Nxh4 60. Kxh4 Kd4 61. Kh5 Kd5 62. Kg6 Kd4 63. Kf5 Rf2+ 64. Kg4 Rg2+ 65. Kf4 Rf2+ 66. Nf3+ Kd5 67. Re5+ Kd6 68. Rh5 Ra2 69. Nd4 Rf2+ 70. Ke4 Rf1 71. Rh6+ Kd7 72. Ke5 Ra1 73. Rh7+ Ke8 74. Kf6 Rf1+ 75. Nf5 Kd8 76. Ke6 Re1+ 77. Kd5 Rd1+ 78. Nd4 Kc8 79. Kc5 Rc1+ 80. Kb6 Rb1+ 81. Nb5 Kd8 82. Kc6 Rc1+ 83. Kd5 Rd1+ 84. Nd4 Kc8 85. Ke4 Re1+ 86. Kd3 Rd1+ 87. Kc4 Rc1+ 88. Kb5 Rb1+ 89. Kc6 Rc1+ 90. Kd6 Rd1 91. Rc7+ Kb8 92. Rc4 Kb7 93. Rb4+ Kc8 94. Ke7 Kc7 95. Rc4+ Kb6 96. Kd6 Kb7 97. Kc5 Kc7 98. Ra4 Rc1+ 99. Kd5 Rd1 100. Ra7+ Kb8 101. Rf7 Kc8 102. Ke5 Re1+ 103. Kd6 Rd1 104. Rc7+ Kb8 105. Rc4 Kb7 106. Kd7 Kb6 107. Rc6+ Kb7 108. Rd6 Rh1 109. Rd5 1/2-1/2

[Event "Kragero (Women)"]
[Site "Kragero"]
[Date "2022.06.04"]
[Round "5"]
[White "Gaboyan, Susanna"]
[Black "Sagafos, Magne"]
[Result "1/2-1/2"]
[WhiteElo "2247"]
[BlackElo "2361"]
[PlyCount "129"]
[EventDate "2022.06.02"]
[EventType "tourn"]
[EventRounds "9"]
[EventCountry "NOR"]
[SourceTitle "CBM 208 Extra"]
[Source "ChessBase"]
[SourceDate "2022.07.31"]
[SourceVersion "1"]
[SourceVersionDate "2022.07.31"]
[SourceQuality "1"]

1. d4 Nf6 2. Nf3 g6 3. g3 b6 4. Bg2 Bb7 5. 0-0 Bg7 6. c4 0-0 7. Nc3 Ne4 8. Qc2 Nxc3 9. Qxc3 c5 10. e3 Be4 11. Qd2 Nc6 12. d5 Na5 13. Qe2 b5 14. Nd2 Bxg2 15. Kxg2 Nxc4 16. Nxc4 bxc4 17. Qxc4 Qb6 18. Rb1 Rfb8 19. Bd2 Qb5 20. Rfc1 d6 21. b4 Qxc4 22. Rxc4 a5 23. b5 a4 24. Kf3 Rb6 25. Ke2 a3 26. Rb3 Rab8 27. Ra4 Bb2 28. Bc3 Bxc3 29. Rxc3 Rxb5 30. Rcxa3 Rb2+ 31. Kf3 Kg7 32. Ra8 Rxa8 33. Rxa8 h5 34. h4 f5 35. a4 Kf6 36. a5 Ra2 37. a6 Ke5 38. a7 Kxd5 39. Kf4 Ke6 40. Kg5 Kf7 41. Kh6 c4 42. Rc8 Rxa7 43. Rxc4 Ra2 44. Rf4 e5 45. Rb4 Rxf2 46. Rb7+ Ke6 47. Rg7 Kd5 48. Rxg6 Rf3 49. Kxh5 Rxe3 50. Rg5 Ke4 51. Kg6 f4 52. h5 Rxg3 53. h6 Rh3 54. Rh5 Rxh5 55. Kxh5 f3 56. h7 f2 57. h8Q f1Q 58. Qa8+ d5 59. Kg5 Qf5+ 60. Kh6 Qf6+ 61. Kh7 Qf7+ 62. Kh8 Kf4 63. Qa4+ Kf5 64. Qf4+ Ke6 65. Qxe5+ 1/2-1/2

[Event "Kragero (Women)"]
[Site "Kragero"]
[Date "2022.06.02"]
[Round "1"]
[White "Sagafos, Magne"]
[Black "Rakhmangulova, Anastasiya"]
[Result "1-0"]
[WhiteElo "2361"]
[BlackElo "2239"]
[PlyCount "66"]
[EventDate "2022.06.02"]
[EventType "tourn"]
[EventRounds "9"]
[EventCountry "NOR"]
[SourceTitle "CBM 208 Extra"]
[Source "ChessBase"]
[SourceDate "2022.07.31"]
[SourceVersion "1"]
[SourceVersionDate "2022.07.31"]
[SourceQuality "1"]

1. e4 c5 2. Nf3 e6 3. b3 d5 4. exd5 exd5 5. Bb5+ Bd7 6. Qe2+ Qe7 7. 0-0 Qxe2 8. Bxe2 Be7 9. Re1 Bf6 10. Ba6+ Ne7 11. Bxb7 Bc6 12. Bxa8 Bxa8 13. d4 Nbc6 14. Be3 Nxd4 15. Nxd4 cxd4 16. Bf4 Kd7 17. Be5 Bxe5 18. Rxe5 Rc8 19. Na3 Rc5 20. Rae1 Ng6 21. Rf5 f6 22. b4 Rc3 23. Rf3 Rxf3 24. gxf3 d3 25. Rd1 Ne5 26. f4 Nf3+ 27. Kg2 d4 28. Kg3 d2 29. Nb1 d3 30. c3 g5 31. Nxd2 gxf4+ 32. Kxf4 Ne5 33. Ne4 Kc6 1-0

[Event "NOR-chT Clubs"]
[Site "Drammen"]
[Date "2022.05.26"]
[Round "4"]
[White "Hagen, Anders Gjerdrum"]
[Black "Sagafos, Magne"]
[Result "1/2-1/2"]
[WhiteElo "2167"]
[BlackElo "2361"]
[PlyCount "134"]
[EventDate "2022.05.26"]
[EventType "team-swiss"]
[EventRounds "6"]
[EventCountry "NOR"]
[SourceTitle "EXT 2024"]
[Source "ChessBase"]
[SourceDate "2023.10.10"]
[SourceVersion "1"]
[SourceVersionDate "2023.10.10"]
[SourceQuality "1"]
[WhiteTeam "Offerspill Washed up"]
[BlackTeam "SOSS"]
[WhiteTeamCountry "NOR"]
[BlackTeamCountry "NOR"]

1. d4 Nf6 2. c4 g6 3. Nc3 Bg7 4. e4 d6 5. Be2 0-0 6. Nf3 Nbd7 7. 0-0 e5 8. Be3 exd4 9. Nxd4 Qe7 10. Nd5 Nxd5 11. exd5 a6 12. Rc1 Re8 13. b4 Qf8 14. Qd2 Nf6 15. Bf3 Bg4 16. h3 Bxf3 17. Nxf3 Re4 18. Rfe1 Rae8 19. Qd3 Bh6 20. Bd2 Bxd2 21. Qxd2 Qg7 22. Qc2 Qh6 23. Rxe4 Rxe4 24. a3 Qf4 25. c5 dxc5 26. Qxc5 Nxd5 27. Re1 Rxe1+ 28. Nxe1 Qe4 29. Nf3 c6 30. Qa7 Qe7 31. Qd4 a5 32. bxa5 Qxa3 33. Qa7 Qc1+ 34. Kh2 Qf4+ 35. Kg1 Qc1+ 36. Kh2 Qf4+ 37. Kg1 Qc7 38. a6 bxa6 39. Qxa6 Qd6 40. g3 Qf6 41. Kg2 Kg7 42. Qa7 Ne7 43. Qc5 h6 44. Ne5 Qe6 45. Kh2 f6 46. Nf3 Kf7 47. h4 g5 48. hxg5 hxg5 49. Qc2 Qf5 50. Qb3+ Qd5 51. Qc3 c5 52. Nd2 Nc6 53. Nc4 Nd4 54. Ne3 Nf3+ 55. Kg2 Qc6 56. Qc4+ Kf8 57. Nd5 Ne5 58. Qe4 Kg7 59. f4 Nf7 60. Kh2 c4 61. fxg5 Nxg5 62. Qe7+ Nf7 63. Nf4 c3 64. Ne6+ Kg6 65. Nf4+ Kg7 66. Ne6+ Kg6 67. Nf4+ Kg7 1/2-1/2

[Event "Kragero op"]
[Site "Kragero"]
[Date "2022.02.25"]
[Round "5"]
[White "Sagafos, Magne"]
[Black "Blokhin, Sofia"]
[Result "1-0"]
[WhiteElo "2386"]
[BlackElo "2059"]
[PlyCount "65"]
[EventDate "2022.02.23"]
[EventType "swiss"]
[EventRounds "9"]
[EventCountry "NOR"]
[SourceTitle "CBM 207 Extra"]
[Source "ChessBase"]
[SourceDate "2022.05.31"]
[SourceVersion "1"]
[SourceVersionDate "2022.05.31"]
[SourceQuality "1"]

1. e4 c5 2. Nc3 e6 3. Nf3 a6 4. g3 g6 5. d4 Bg7 6. dxc5 Qa5 7. Be3 Bxc3+ 8. bxc3 Qxc3+ 9. Ke2 e5 10. Rb1 Nc6 11. Qd3 Qxd3+ 12. cxd3 f6 13. d4 exd4 14. Nxd4 Nge7 15. Bg2 0-0 16. Rhd1 Kg7 17. f4 Nxd4+ 18. Bxd4 Nc6 19. Bc3 h5 20. Rd6 Nd8 21. Rbb6 Ne6 22. f5 gxf5 23. exf5 Nxc5 24. Rxf6 Rxf6 25. Rxf6 Kh7 26. Rf7+ Kg8 27. Bd5 d6 28. Rg7+ Kf8 29. Rg8+ Ke7 30. f6+ Kd7 31. Rg7+ Ke8 32. f7+ Ke7 33. Bf6+ 1-0

[Event "Kragero op"]
[Site "Kragero"]
[Date "2022.02.24"]
[Round "4"]
[White "Ptacnikova, Lenka"]
[Black "Sagafos, Magne"]
[Result "1/2-1/2"]
[WhiteElo "2173"]
[BlackElo "2386"]
[PlyCount "175"]
[EventDate "2022.02.23"]
[EventType "swiss"]
[EventRounds "9"]
[EventCountry "NOR"]
[SourceTitle "CBM 207 Extra"]
[Source "ChessBase"]
[SourceDate "2022.05.31"]
[SourceVersion "1"]
[SourceVersionDate "2022.05.31"]
[SourceQuality "1"]

1. e4 Nf6 2. e5 Nd5 3. d4 d6 4. Nf3 dxe5 5. Nxe5 g6 6. Bc4 c6 7. 0-0 Bg7 8. Re1 0-0 9. Bb3 Be6 10. Nd2 a5 11. c3 Nc7 12. Bxe6 Nxe6 13. Qb3 Qc8 14. a4 Nf4 15. Ndc4 Nd5 16. Nd3 Nd7 17. Bg5 e6 18. Bh4 b6 19. Bg3 Qa6 20. Rad1 Rfd8 21. h3 b5 22. Nd6 Bf8 23. Ne4 Qb6 24. Ra1 Ra7 25. Bd6 Bxd6 26. Nxd6 bxa4 27. Qxa4 c5 28. Nb5 Raa8 29. c4 Nc7 30. dxc5 Nxc5 31. Nxc5 Qxc5 32. Red1 Nxb5 33. cxb5 Rdb8 34. b4 Qxb5 35. Rd8+ Rxd8 36. Qxb5 axb4 37. Rxa8 Rxa8 38. Qxb4 h5 39. Kh2 Rd8 40. Kg3 Rd5 41. h4 Rf5 42. f3 Kg7 43. Qd4+ Kg8 44. Kf2 Rd5 45. Qc3 Rf5 46. Ke3 Rb5 47. Ke4 Rd5 48. Qc6 Kg7 49. Qc3+ Kg8 50. Qf6 Rf5 51. Qd8+ Kg7 52. Qd4+ Kg8 53. g4 Rd5 54. Qb2 Kh7 55. g5 Rf5 56. Qb7 Kg8 57. Qd7 Kg7 58. Qd8 Rb5 59. Qf6+ Kg8 60. Qc3 Rd5 61. Qc6 Rf5 62. Qb7 Kg7 63. Qa8 Rb5 64. Qa1+ Kg8 65. Qd4 Rf5 66. Qa4 Kg7 67. Qa6 Kg8 68. f4 Kg7 69. Qa1+ Kg8 70. Qb2 Rd5 71. Qb7 Rf5 72. Ke3 Kg7 73. Qb2+ Kg8 74. Qb1 Kg7 75. Qe4 Kg8 76. Kd3 Kg7 77. Kc4 Kg8 78. Qd4 Kh7 79. Qd6 Kg8 80. Qb8+ Kg7 81. Kd4 Rd5+ 82. Ke3 Rf5 83. Ke4 Rd5 84. Qe8 Rf5 85. Qa8 Rb5 86. Kd4 Rf5 87. Qb8 Rd5+ 88. Ke4 1/2-1/2

[Event "NOR-chT Elite 2122"]
[Site "Norway"]
[Date "2022.02.06"]
[Round "6.1"]
[White "Galchenko, Matvey"]
[Black "Sagafos, Magne"]
[Result "1-0"]
[WhiteElo "2443"]
[BlackElo "2376"]
[PlyCount "81"]
[EventDate "2021.10.28"]
[EventType "team-tourn"]
[EventRounds "9"]
[EventCountry "NOR"]
[SourceTitle "EXT 2023"]
[Source "ChessBase"]
[SourceDate "2022.10.05"]
[SourceVersion "1"]
[SourceVersionDate "2022.10.05"]
[SourceQuality "1"]
[WhiteTeam "Alta"]
[BlackTeam "SOSS"]
[WhiteTeamCountry "NOR"]
[BlackTeamCountry "NOR"]

1. d4 Nf6 2. Nf3 g6 3. c4 Bg7 4. Nc3 d6 5. Bf4 Nh5 6. Be3 0-0 7. Qd2 f5 8. g3 Nc6 9. d5 Na5 10. b3 c5 11. dxc6 Nxc6 12. Bh6 Bxh6 13. Qxh6 e5 14. Bg2 Nf6 15. Ng5 e4 16. 0-0 Qe7 17. h3 Ne5 18. Rad1 Bd7 19. Nd5 Nxd5 20. Rxd5 Rf6 21. c5 Qg7 22. Qxg7+ Kxg7 23. Rfd1 Re8 24. f4 exf3 25. Nxf3 Nf7 26. R5d2 Bc6 27. cxd6 Bd7 28. Rc1 Bc6 29. d7 Rd8 30. Nd4 Bxg2 31. Kxg2 Ne5 32. Nb5 Rxd7 33. Rxd7+ Nxd7 34. Rc7 Rf7 35. Nd6 Re7 36. Rxb7 Rxe2+ 37. Kf1 Re7 38. Rxa7 Kf6 39. Kf2 Ke6 40. Nc4 Re8 41. Ra6+ 1-0

[Event "NOR-chT Elite 2122"]
[Site "Norway"]
[Date "2021.10.28"]
[Round "3.5"]
[White "Sagafos, Magne"]
[Black "Shehzad, Shazil Khan"]
[Result "1-0"]
[WhiteElo "2376"]
[BlackElo "2247"]
[PlyCount "71"]
[EventDate "2021.10.28"]
[EventType "team-tourn"]
[EventRounds "9"]
[EventCountry "NOR"]
[SourceTitle "EXT 2023"]
[Source "ChessBase"]
[SourceDate "2022.10.05"]
[SourceVersion "1"]
[SourceVersionDate "2022.10.05"]
[SourceQuality "1"]
[WhiteTeam "SOSS"]
[BlackTeam "Stavanger"]
[WhiteTeamCountry "NOR"]
[BlackTeamCountry "NOR"]

1. e4 c5 2. Nf3 d6 3. b3 Nf6 4. Nc3 g6 5. Bb2 Bg7 6. Bb5+ Bd7 7. Qe2 0-0 8. 0-0-0 Bg4 9. h3 Bxf3 10. Qxf3 a6 11. Bf1 Nc6 12. g4 b5 13. h4 Nd4 14. Qg2 a5 15. h5 a4 16. hxg6 hxg6 17. Bxb5 axb3 18. axb3 Nxb5 19. Nxb5 Qa5 20. c4 Qa2 21. Qh3 Rfb8 22. Kc2 Rxb5 23. cxb5 Nh5 24. Rb1 c4 25. gxh5 cxb3+ 26. Kd3 Bxb2 27. Ke2 g5 28. Qd3 Ra4 29. h6 Rd4 30. h7+ Kh8 31. Qe3 Qa4 32. d3 Qa3 33. Kf3 Bc3 34. Qxg5 Rxd3+ 35. Kg2 Bg7 36. Qxg7+ 1-0

[Event "Kragero op"]
[Site "Kragero"]
[Date "2018.02.25"]
[Round "8"]
[White "Sagafos, Magne"]
[Black "Tryggestad, Andreas Garberg"]
[Result "1/2-1/2"]
[WhiteElo "2384"]
[BlackElo "2241"]
[PlyCount "117"]
[EventDate "2018.02.21"]
[EventType "swiss"]
[EventRounds "9"]
[EventCountry "NOR"]
[SourceTitle "CBM 183 Extra"]
[Source "ChessBase"]
[SourceDate "2018.04.19"]
[SourceVersion "1"]
[SourceVersionDate "2018.04.19"]
[SourceQuality "1"]

1. e4 c5 2. Nf3 e6 3. Nc3 Nc6 4. Bb5 Nd4 5. 0-0 a6 6. Bd3 Nxf3+ 7. Qxf3 b5 8. b3 Bb7 9. Qg3 Nf6 10. Re1 Nh5 11. Qe3 Be7 12. Be2 Nf6 13. Bf3 d5 14. exd5 Nxd5 15. Bxd5 Bxd5 16. Qe5 Bb7 17. Bb2 Bf6 18. Qxc5 Qxd2 19. Ne4 Bxe4 20. Bxf6 gxf6 21. Rxe4 Rd8 22. Qc6+ Qd7 23. Qxa6 Qd5 24. Rae1 f5 25. R4e3 0-0 26. a4 b4 27. Qe2 Kh8 28. Rd3 Qc5 29. h4 Rc8 30. Rd2 Kg8 31. Qh5 Qc3 32. Re3 Qa1+ 33. Kh2 Kh8 34. Qh6 Rg8 35. h5 Rg7 36. g3 Rcg8 37. Red3 f4 38. Qxf4 Rg4 39. Rd1 Rxf4 40. Rxa1 Rxf2+ 41. Kh3 Rxc2 42. Rf1 f5 43. Rf4 Rg5 44. h6 Kg8 45. Rxb4 Kf7 46. Rh4 e5 47. Rd7+ Ke6 48. Rg7 Kf6 49. Rxg5 Kxg5 50. a5 e4 51. a6 Ra2 52. g4 f4 53. Rh5+ Kg6 54. Rf5 Rxa6 55. Rxf4 Ra3 56. Kh4 Rxb3 57. g5 Rf3 58. Rxe4 Rf4+ 59. Rxf4 1/2-1/2

[Event "EU-Cup 32nd"]
[Site "Novi Sad"]
[Date "2016.11.11"]
[Round "6.6"]
[White "Sagafos, Magne"]
[Black "Kogan, Artur"]
[Result "0-1"]
[WhiteElo "2397"]
[BlackElo "2522"]
[PlyCount "98"]
[EventDate "2016.11.06"]
[EventType "team-swiss"]
[EventRounds "7"]
[EventCountry "SRB"]
[SourceTitle "CBM 176"]
[Source "ChessBase"]
[SourceDate "2017.01.17"]
[SourceVersion "1"]
[SourceVersionDate "2017.01.17"]
[SourceQuality "1"]
[WhiteTeam "Vaalerenga"]
[BlackTeam "Ashdod"]
[WhiteTeamCountry "NOR"]
[BlackTeamCountry "ISR"]

1. e4 c5 2. Nc3 Nc6 3. Bb5 Nd4 4. Nf3 e6 5. 0-0 a6 6. Bd3 Nc6 7. Re1 d6 8. b3 g6 9. e5 d5 10. Bb2 Bg7 11. Na4 b6 12. c4 Nge7 13. Bf1 d4 14. a3 a5 15. g3 h6 16. Bg2 Rb8 17. h3 Qc7 18. Qe2 g5 19. d3 Ng6 20. Rab1 Bd7 21. Bc1 Ncxe5 22. Nxe5 Qxe5 23. Qd1 Qd6 24. b4 0-0 25. b5 f5 26. Qh5 Ne5 27. Qe2 f4 28. gxf4 gxf4 29. Qe4 f3 30. Bh1 Rf5 31. Bf4 Qf8 32. Bg3 Bc8 33. Red1 Bb7 34. Qe1 Qd8 35. Qd2 Rh5 36. Re1 Rxh3 37. Qf4 Rh5 38. Rxe5 Rxe5 39. Bxf3 Bxf3 40. Qxf3 Rg5 41. Qc6 Be5 42. Qxe6+ Kg7 43. Qxe5+ Rxe5 44. Bxe5+ Kf7 45. Bxb8 Qxb8 46. Re1 Qg8+ 47. Kh2 Qg4 48. Re4 Qf3 49. Kg1 Qd1+ 0-1

[Event "EU-Cup 31st"]
[Site "Skopje"]
[Date "2015.10.20"]
[Round "3.5"]
[White "Fernandez Torre, Ivan"]
[Black "Sagafos, Magne"]
[Result "1/2-1/2"]
[WhiteElo "2141"]
[BlackElo "2398"]
[PlyCount "107"]
[EventDate "2015.10.18"]
[EventType "team-swiss"]
[EventRounds "7"]
[EventCountry "MKD"]
[SourceTitle "CBM 169"]
[Source "ChessBase"]
[SourceDate "2015.11.10"]
[SourceVersion "1"]
[SourceVersionDate "2015.11.10"]
[SourceQuality "1"]
[WhiteTeam "Dias Ferreira"]
[BlackTeam "Vaalerenga"]
[WhiteTeamCountry "POR"]
[BlackTeamCountry "NOR"]

1. d4 Nf6 2. c4 g6 3. Nc3 Bg7 4. e4 0-0 5. Nf3 d6 6. Be2 c6 7. 0-0 e5 8. Bg5 h6 9. Bh4 g5 10. Bg3 Nh5 11. dxe5 Nxg3 12. hxg3 dxe5 13. Qxd8 Rxd8 14. Rfd1 Re8 15. b4 Na6 16. a3 Nc7 17. c5 Ne6 18. Nd2 Nd4 19. Nc4 Be6 20. Nd6 Re7 21. Bc4 b6 22. cxb6 axb6 23. a4 Nc2 24. Bxe6 Rxe6 25. Rab1 Bf8 26. Nc4 Bxb4 27. Nxb6 Ra6 28. Nd7 Ra7 29. Rb2 Bxc3 30. Rxc2 Bd4 31. Nc5 Rf6 32. Rdc1 Kg7 33. Kf1 Bxc5 34. Rxc5 Rxa4 35. Rxe5 Ra2 36. Rf5 Rd6 37. Ke1 Rd4 38. Rxc6 Rxe4+ 39. Kd1 Rb4 40. Rc7 Rb1+ 41. Rc1 Rxc1+ 42. Kxc1 Kg6 43. Rf3 Ra5 44. Rd3 Rf5 45. Rd2 Re5 46. Kd1 h5 47. Rd6+ f6 48. Kd2 Kf5 49. Ra6 Rb5 50. Ra1 Rb2+ 51. Ke3 Rb4 52. Ra5+ Kg4 53. Ra6 Kf5 54. Ra5+ 1/2-1/2

[Event "NOR-ch"]
[Site "Oslo"]
[Date "2015.07.10"]
[Round "8"]
[White "Christiansen, Johan Sebastian"]
[Black "Sagafos, Magne"]
[Result "1-0"]
[WhiteElo "2409"]
[BlackElo "2409"]
[PlyCount "57"]
[EventDate "2015.07.04"]
[EventType "swiss"]
[EventRounds "9"]
[EventCountry "NOR"]
[SourceTitle "CBM 167 Extra"]
[Source "ChessBase"]
[SourceDate "2015.09.14"]
[SourceVersion "1"]
[SourceVersionDate "2015.09.14"]
[SourceQuality "1"]

1. Nf3 Nf6 2. c4 g6 3. g3 Bg7 4. Bg2 0-0 5. 0-0 d6 6. Nc3 c6 7. d4 Qb6 8. c5 dxc5 9. Na4 Qb5 10. Nxc5 Na6 11. a4 Qb6 12. a5 Qb5 13. Nxa6 bxa6 14. Re1 Rd8 15. e4 Bg4 16. e5 Nd5 17. h3 Bxf3 18. Bxf3 Rab8 19. Be2 Qb3 20. Bxa6 Qxd1 21. Rxd1 Rb4 22. Be2 Nc7 23. Be3 Rxb2 24. Bf3 Nd5 25. Bxd5 Rxd5 26. Rdc1 f6 27. e6 Rd6 28. d5 Rb7 29. dxc6 1-0

[Event "NOR-ch"]
[Site "Oslo"]
[Date "2015.07.04"]
[Round "1"]
[White "Sagafos, Magne"]
[Black "Byklum, Bjornar"]
[Result "1/2-1/2"]
[WhiteElo "2409"]
[BlackElo "2300"]
[PlyCount "138"]
[EventDate "2015.07.04"]
[EventType "swiss"]
[EventRounds "9"]
[EventCountry "NOR"]
[SourceTitle "CBM 167 Extra"]
[Source "ChessBase"]
[SourceDate "2015.09.14"]
[SourceVersion "1"]
[SourceVersionDate "2015.09.14"]
[SourceQuality "1"]

1. e4 d6 2. d4 Nf6 3. Nc3 e5 4. dxe5 dxe5 5. Qxd8+ Kxd8 6. Nf3 Bd6 7. Be3 Ke7 8. Nd2 a6 9. f3 Be6 10. 0-0-0 b5 11. Nb3 Nbd7 12. Na5 Rhc8 13. Nc6+ Kf8 14. a4 b4 15. Nb1 b3 16. c3 Nb8 17. Na5 Bd7 18. Bc4 Bxa4 19. Nd2 Nc6 20. Bxb3 Bxb3 21. Ndxb3 Nxa5 22. Nxa5 Nd7 23. Kc2 Ke7 24. Nc6+ Ke6 25. Ra1 Nb8 26. Nxb8 Rcxb8 27. Ra4 c5 28. Rha1 Rb6 29. b4 Rc8 30. bxc5 Bxc5 31. Rc4 Rbc6 32. Bxc5 Rxc5 33. Rxa6+ Ke7 34. Ra7+ Ke6 35. Ra6+ Ke7 36. Rxc5 Rxc5 37. Ra7+ Ke6 38. Ra6+ Ke7 39. Kd3 Rb5 40. Ra7+ Ke6 41. Kc2 Rc5 42. Ra8 Kf6 43. h4 Rc6 44. g4 Kg6 45. Ra5 f6 46. Ra7 Rc8 47. Rb7 Rh8 48. c4 h5 49. gxh5+ Rxh5 50. c5 Rxh4 51. c6 Rh8 52. Rd7 Rc8 53. c7 Kh6 54. Kd3 g6 55. Kc4 Kg5 56. Kd5 Kf4 57. Rf7 f5 58. Ke6 Re8+ 59. Kd7 Ra8 60. c8Q Rxc8 61. Kxc8 Kxf3 62. exf5 gxf5 63. Rxf5+ Ke4 64. Rh5 Kd4 65. Kd7 e4 66. Ke6 e3 67. Rd5+ Kc3 68. Re5 Kd2 69. Rxe3 Kxe3 1/2-1/2

[Event "NOR-chT 1415"]
[Site "Norway"]
[Date "2015.01.11"]
[Round "6.5"]
[White "Sagafos, Magne"]
[Black "Gandrud, Vegar Koi"]
[Result "1-0"]
[WhiteElo "2407"]
[BlackElo "2231"]
[PlyCount "65"]
[EventDate "2014.10.31"]
[EventType "team-tourn"]
[EventRounds "11"]
[EventCountry "NOR"]
[SourceTitle "EXT 2016"]
[Source "ChessBase"]
[SourceDate "2015.10.08"]
[SourceVersion "1"]
[SourceVersionDate "2015.10.08"]
[SourceQuality "1"]
[WhiteTeam "Valerenga"]
[BlackTeam "Stavanger"]
[WhiteTeamCountry "NOR"]
[BlackTeamCountry "NOR"]

1. e4 c5 2. Nc3 Nc6 3. Bb5 d6 4. f4 Bd7 5. Nf3 a6 6. Bxc6 Bxc6 7. 0-0 Nf6 8. d3 e6 9. Qe1 Qc7 10. a4 Be7 11. h3 h6 12. a5 Nd7 13. f5 Bf6 14. fxe6 fxe6 15. Qg3 0-0-0 16. Bf4 e5 17. Be3 Rdg8 18. Nd2 Qd8 19. Nc4 Qe7 20. Qg6 Kb8 21. Rab1 Nf8 22. Qf5 Bd7 23. Qf2 Be6 24. b4 Nd7 25. bxc5 Nxc5 26. Rb6 Bh4 27. Qe2 Bxc4 28. dxc4 Rf8 29. Rfb1 Rf7 30. Qh5 Bg3 31. Bxc5 dxc5 32. Rxb7+ Qxb7 33. Qxf7 1-0

[Event "NOR-chT 1314"]
[Site "Norway"]
[Date "2014.01.12"]
[Round "6.3"]
[White "Sagafos, Magne"]
[Black "Kvisla, Johannes Luangtep"]
[Result "1-0"]
[WhiteElo "2403"]
[BlackElo "2154"]
[PlyCount "133"]
[EventDate "2013.11.01"]
[EventType "team-tourn"]
[EventRounds "9"]
[EventCountry "NOR"]
[SourceTitle "EXT 2015"]
[Source "ChessBase"]
[SourceDate "2014.11.20"]
[SourceVersion "1"]
[SourceVersionDate "2014.11.20"]
[SourceQuality "1"]
[WhiteTeam "Valerenga"]
[BlackTeam "Oslo SK 1911"]
[WhiteTeamCountry "NOR"]
[BlackTeamCountry "NOR"]

1. e4 c5 2. Nf3 d6 3. Bb5+ Nc6 4. 0-0 Bd7 5. c4 e5 6. d3 g6 7. Nc3 Bg7 8. Ne1 Nge7 9. Be3 0-0 10. Qd2 f5 11. Bg5 Qe8 12. Nc2 f4 13. Bxe7 Nxe7 14. f3 g5 15. b4 b6 16. a4 a5 17. bxc5 bxc5 18. Rab1 h5 19. Nd5 Nxd5 20. cxd5 Bf6 21. Na3 Bd8 22. Nc4 Rf6 23. Bxd7 Qxd7 24. Rb5 g4 25. Qe2 Rg6 26. Rfb1 Ra7 27. Rb8 Kg7 28. R1b5 Bc7 29. R8b7 Rxb7 30. Rxb7 Kh6 31. Rb5 Qd8 32. Nd2 Qh4 33. Rb7 Qd8 34. Qd1 Qc8 35. Rb5 Qd7 36. Nc4 Qd8 37. Rb7 Qc8 38. Rb1 Qd7 39. Rb5 Qd8 40. Rb1 Qd7 41. Nd2 Qc8 42. Kh1 Qd8 43. Nc4 Qh4 44. Qe1 Qg5 45. Qe2 Qh4 46. Qe1 Qg5 47. Qf1 Qh4 48. Rb7 gxf3 49. gxf3 Bd8 50. Rd7 Be7 51. Nxa5 Qf6 52. Nc6 Bf8 53. a5 Rg3 54. hxg3 fxg3 55. Kg2 Qf4 56. Qe1 h4 57. Nd8 Kh5 58. Rh7+ Bh6 59. Nf7 h3+ 60. Kg1 Qxf3 61. Rxh6+ Kg4 62. Rg6+ Kh5 63. Rg5+ Kh4 64. Qxg3+ Qxg3+ 65. Rxg3 Kxg3 66. a6 h2+ 67. Kh1 1-0

[Event "NOR-chT 1314"]
[Site "Norway"]
[Date "2014.01.11"]
[Round "5.3"]
[White "Sahl, Bjarke"]
[Black "Sagafos, Magne"]
[Result "0-1"]
[WhiteElo "2374"]
[BlackElo "2403"]
[PlyCount "92"]
[EventDate "2013.11.01"]
[EventType "team-tourn"]
[EventRounds "9"]
[EventCountry "NOR"]
[SourceTitle "EXT 2015"]
[Source "ChessBase"]
[SourceDate "2014.11.20"]
[SourceVersion "1"]
[SourceVersionDate "2014.11.20"]
[SourceQuality "1"]
[WhiteTeam "Asker"]
[BlackTeam "Valerenga"]
[WhiteTeamCountry "NOR"]
[BlackTeamCountry "NOR"]

1. c4 g6 2. Nf3 Bg7 3. g3 Nf6 4. Bg2 0-0 5. 0-0 d6 6. Nc3 c6 7. d4 Qb6 8. Qc2 Qa6 9. b3 b5 10. cxb5 cxb5 11. a4 b4 12. Na2 Bf5 13. Qb2 Nc6 14. Nd2 d5 15. Nf3 Rac8 16. Bf4 Ne4 17. Rfc1 Qb6 18. Be3 a5 19. h3 h5 20. Rd1 Nc3 21. Rd2 Be4 22. Rc1 Bxf3 23. exf3 Nxd4 24. Kh1 Nxa2 25. Rxc8 Rxc8 26. Qxa2 e5 27. f4 exf4 28. gxf4 Rc3 29. Rd1 Rxe3 30. fxe3 Nf5 31. Qf2 Nxe3 32. f5 g5 33. Bxd5 Nxd5 34. Qxb6 Nxb6 35. Rd6 Nxa4 36. bxa4 b3 37. Rb6 b2 38. Kg2 Bc3 39. Rb3 Kg7 40. Kf3 Kf6 41. Ke4 g4 42. hxg4 h4 43. Kf4 Be5+ 44. Ke4 h3 45. Rb6+ Kg5 46. Kxe5 h2 0-1